Problems and perspectives of formation of the European identity in the context of process of the European integration of Ukraine
Formovanie procesu spoločnej európskej identity a integračné snahy Ukrajiny.
Uložené v:
| Hlavný autor: | |
|---|---|
| Médium: | Kapitola |
| Jazyk: | English |
| Predmet: | |
| Tagy: |
Žiadne tagy, Buďte prvý, kto otaguje tento záznam!
|
MARC
| LEADER | 00000nla a2200000 4500 | ||
|---|---|---|---|
| 001 | 0223113 | ||
| 005 | 20240417075108.8 | ||
| 041 | 0 | |a eng | |
| 044 | |a SK | ||
| 245 | 1 | 0 | |a Problems and perspectives of formation of the European identity in the context of process of the European integration of Ukraine |c Oleksiy Kuznetsov |
| 520 | |a Formovanie procesu spoločnej európskej identity a integračné snahy Ukrajiny. | ||
| 610 | 2 | 0 | |a integrácia ekonomická medzinárodná |
| 610 | 2 | 0 | |a Európska únia |
| 610 | 2 | 0 | |a Ukrajina |
| 610 | 2 | 0 | |a identita |
| 100 | 1 | |a Kuznetsov, Oleksiy | |